000 00516nam a22001817a 4500
003 CEME
005 20210628204411.0
008 210127b xxu||||| |||| 00| 0 eng d
020 _a0-07-136066-2
040 _c.
082 _a671.35 WAL
100 _aWalsh, Ronald A
_947144
245 _aHandbook of machining and metalworking calculations
260 _aNEW YORK
_bMCGRAW HILL
_c2001
300 _aIX,300P
650 _aMETAL WORKING CALCULATIONS.MACHINING METALWORKING CALCULATIONS
_970211
942 _cBK
_2ddc
999 _c577219
_d577219